Biggest European Capitals - Statistics

General Stats
  • This quiz has been taken 48 times
    29 since last reset
  • The average score is 18 of 20
Answer Stats
Population City % Correct
14.90 mil London
100%
11.50 mil Paris
100%
2.50 mil Lisbon
96%
6.65 mil Madrid
96%
19.10 mil Moscow
96%
3.42 mil Rome
96%
2.52 mil Amsterdam
92%
4.85 mil Berlin
92%
3.57 mil Athens
88%
2.75 mil Brussels
88%
1.77 mil Copenhagen
88%
3.47 mil Kyiv
88%
2.28 mil Stockholm
88%
2.35 mil Vienna
88%
2.20 mil Bucharest
85%
2.50 mil Budapest
85%
2.50 mil Warsaw
85%
2.10 mil Minsk
77%
1.53 mil Dublin
73%
1.53 mil Helsinki
73%
No matching quizzes found
Score Distribution
Percent of People with Each Score
Percentile by Number Answered
Your Score History
You have not taken this quiz since the last reset